000 00330nam a2200145Ia 4500
008 240112s2017 xx 000 0 und d
022 _a9723919
041 _aeng
082 _a616.0757
100 _aQUADE
245 _aINDIAN JOU. OF NUCLEAR MEDICINE
260 _bPUB MED
_c2017
300 _a1-384HB
_c1-4
440 _v32
999 _c1145107
_d1145107